ბათუმის შოთა რუსთაველის სახელმწიფო უნივერსიტეტის ბიბლიოთეკა

საქართველო XIV-XV საუკუნეთა მიჯნაზე : სპარსული და სპარსულენოვანი წყაროების მიხედვით (ბიბ.ჩანაწერი № 56209)

000 -LEADER
fixed length control field 01449nam a2200265Ia 4500
001 - CONTROL NUMBER
control field 23310
003 - CONTROL NUMBER IDENTIFIER
control field GE_BSU
008 - FIXED-LENGTH DATA ELEMENTS--GENERAL INFORMATION
fixed length control field 181216s||||||||xx |||||||||||||| ||und||
040 ## - CATALOGING SOURCE
Transcribing agency GE_BSU
080 ## - UNIVERSAL DECIMAL CLASSIFICATION NUMBER
Universal Decimal Classification number 94(479.22)"13/14"(093უცხ.)
100 ## - MAIN ENTRY--PERSONAL NAME
Personal name კაციტაძე, დავით
245 ## - TITLE STATEMENT
Title საქართველო XIV-XV საუკუნეთა მიჯნაზე : სპარსული და სპარსულენოვანი წყაროების მიხედვით
245 ## - TITLE STATEMENT
Statement of responsibility, etc. რედ. ვ. გაბაშვილი.
260 ## - PUBLICATION, DISTRIBUTION, ETC.
Place of publication, distribution, etc. თბილისი
260 ## - PUBLICATION, DISTRIBUTION, ETC.
Name of publisher, distributor, etc. თბილ. უნ-ტის გამ-ბა
260 ## - PUBLICATION, DISTRIBUTION, ETC.
Date of publication, distribution, etc. 1975
300 ## - PHYSICAL DESCRIPTION
Extent 291გვ. ; 22სმ.
300 ## - PHYSICAL DESCRIPTION
Accompanying material საძიებლები გვ. 280-290. - ბიბლიოგრ.: გვ. 269-279
520 ## - SUMMARY, ETC.
Summary, etc. რეზ. რუს. ენ.. პარალ. სათ. რუს. ენ.
653 ## - INDEX TERM--UNCONTROLLED
Uncontrolled term ისტორია
653 ## - INDEX TERM--UNCONTROLLED
Uncontrolled term საქართველო XIV-XV საუკუნეთა მიჯნაზე : სპარსული და სპარსულენოვანი წყაროების მიხედვით.
653 ## - INDEX TERM--UNCONTROLLED
Uncontrolled term საქართველოს ისტორია, XIV-XV ს.ს.; საქართველოს ისტორიის სპარსული წყაროები
942 ## - ADDED ENTRY ELEMENTS (KOHA)
Koha item type წიგნი
ეგზემპლარები
Withdrawn status Lost status Damaged status Not for loan Date acquired Barcode Date last seen Price effective from Koha item type
        2018-12-17 28291 2018-12-17 2018-12-17 წიგნი